| 000 | 00357nam a2200121Ia 4500 | ||
|---|---|---|---|
| 008 | 231129s9999||||xx |||||||||||||| ||spa|| | ||
| 040 | _bspa | ||
| 082 | _aCo863 R397s | ||
| 100 | _aRendon Henao Carlos Alberto | ||
| 245 | 0 | _aSuty: El diario acaecer cercano a la realidad de una noble mujer que supo... | |
| 264 | _aDominguez y Cia Ltda | ||
| 942 |
_2ddc _cBKS |
||
| 999 |
_c24949 _d24949 |
||